Středověká diktamina v souvislosti s antikou a renaissancí /

Hlavní autor: Novák, Jan Bedřich, 1872-1933
Jazyk: Čeština
Vydáno: Praha : J.B. Novák, 1909
Fyzický popis: 102, 1 s. ; 4°
Knihy
Uloženo v:
LEADER 00761nam a22002292a 4500
001 001456091
003 CZ BrMZK
005 20150213143112.0
007 ta
008 150213s1909 xr er|||||||||||cze d
015 |a cnb000695663 
040 |a ABA001  |b cze  |c CBA001  |d ABA001 
100 1 |a Novák, Jan Bedřich,  |d 1872-1933  |7 jk01090400  |4 aut 
245 1 0 |a Středověká diktamina v souvislosti s antikou a renaissancí /  |c naps. PhDr. Jan Bedřich Novák 
260 |a Praha :  |b J.B. Novák,  |c 1909 
300 |a 102, 1 s. ;  |c 4° 
500 |a Zvláštní otisk Čes. časopisu histor., XV 
910 |a BOA001  |b 3-0074.655 
990 |a BK 
993 |a Y 
991 |b 201502 
996 6 |b 2619041522  |c 3-0074.655  |l MZK  |r Sklad / do 1 hodiny  |n 1  |w 001491215  |u 000010  |a 1  |e BOA001  |j MZK50  |s P